000 00401nam a22001697a 4500
003 MPLRDC
005 20220104114724.0
008 210129b ||||| |||| 00| 0 eng d
020 _a957-718-054-X
082 _a192.8 LDP
100 _a吕大朋
245 _a菜根人生
_c
260 _a
_b耀文图书公司
_c1993
300 _b
650 _a格言; 箴言; 金言
942 _cBK
_o192.8 LDP
999 _c9719
_d9709